LDR 00804naa#a2200169#i#450# 001 EN\\bibl\19419 005 20260516124503.6 100 ## _a20260515b2026####ek#y0engy0150####ca 102 ## _aRU 200 1# _aCHANGES IN THE METHYL STATUS OF THE PYRUVATE DEHYDROGENASE GENE PROMOTER IN CORN LEAVES UNDER SALINITY _eConference article/thesis 210 1# _aVoronezh _cFSBE Institution of Higher Education Voronezh State University of Forestry and Technologies named after G.F. Morozov _d2026 215 ## _a7 с. 608 ## _aConference article/thesis _2local 675 ## _aДинамическая биохимия. Обмем биополимеров и других биологически важных соединений. 577.12 _z 700 #1 _aGhomrani _gSaid Djamel-eddine 700 #1 _aFedorin _gD. N. 856 4# _abibl.vgltu.ru _u